Les rois de la Belgique - Statistiques

Statistiques générales
  • Ce quiz a été pris 302 fois
  • Le résultat moyen est 6 sur 7
Statistiques - réponses
Dates Rois % Correct
1831-1865 Léopold I
97%
1865-1909 Léopold II
97%
1934-1951 Léopold III
97%
1909-1934 Albert I
92%
1993-2013 Albert II
92%
2013-aujourd'hui Philippe
89%
1951-1993 Baudouin
78%
Aucun quiz correspondant
Distribution des résultats
% des personnes avec chaque résultat
Percentile par nombre de réponses
Votre historique - résultats
Vous n’avez pas pris ce quiz